[Event "GM Classic"]
[Site "Gausdal NOR"]
[Date "2004.09.30"]
[Round "8"]
[White "Tallaksen,G"]
[Black "Bromberger,S"]
[Result "1/2-1/2"]
[WhiteElo "2350"]
[BlackElo "2440"]

1.d4 Nf6 2.c4 g6 3.Nc3 Bg7 4.e4 d6 5.Nf3 O-O 6.Be2 e5 7.O-O Nc6 8.d5 Ne7
9.b4 Nh5 10.Re1 f5 11.Ng5 Nf6 12.Bf3 c6 13.Be3 cxd5 14.cxd5 h6 15.Ne6 Bxe6
16.dxe6 fxe4 17.Nxe4 Nxe4 18.Bxe4 d5 19.Bc5 dxe4 20.Qxd8 Rfxd8 21.Bxe7 Re8
22.Bh4 Rxe6 23.Rxe4 Rc8 24.b5 Rd6 25.g4 Rd5 26.Ra4 Rxb5 27.Rxa7 Rc4 28.h3 h5
29.Bg3 hxg4 30.hxg4 Rxg4 31.Rc1 e4 32.Rc8+ Kh7 33.Rc7 e3 34.Raxb7 Rxb7 35.Rxb7 Kh6
36.Kh2 exf2 37.Bxf2 Ra4 38.Be3+ g5 39.Bxg5+ Kg6 40.Rb5 Rxa2+  1/2-1/2

[Event "VIII Itau Cup"]
[Site "Sao Paulo BRA"]
[Date "2004.09.30"]
[Round "7"]
[White "D'Israel,D"]
[Black "Braga,C"]
[Result "1/2-1/2"]
[WhiteElo "2291"]
[BlackElo "2441"]

1.d4 Nf6 2.c4 g6 3.Nc3 Bg7 4.e4 d6 5.Be2 O-O 6.Nf3 e5 7.O-O Nc6 8.d5 Ne7
9.b4 a5 10.bxa5 Rxa5 11.Nd2 c5 12.Nb3 Ra6 13.a4 Nd7 14.f3 f5 15.g4 Kh8 16.Kh1 Ng8
17.Rg1 Bh6 18.g5 Bg7 19.Bd3 f4 20.Ra2 Rf7 21.Nb5 Nf8 22.a5 h6 23.h4 hxg5
24.hxg5 Nh7  1/2-1/2

[Event "79th ch-ARG"]
[Site "Buenos Aires ARG"]
[Date "2004.10.01"]
[Round "9"]
[White "Di Benedetto,G"]
[Black "Ibar,M"]
[Result "1/2-1/2"]
[WhiteElo "2172"]
[BlackElo "2314"]

1.d4 g6 2.c4 Nf6 3.Nf3 Bg7 4.Nc3 O-O 5.e4 d6 6.Be2 e5 7.O-O Nc6 8.d5 Ne7
9.b4 a5 10.Ba3 Ne8 11.bxa5 Rxa5 12.Bb4 Ra8 13.a4 h6 14.Nd2 f5 15.c5 f4 16.Nc4 Rf6
17.cxd6 cxd6 18.Nb5 Bf8 19.Qb3 Kh7 20.Qa3 Bd7 21.Qb3 Nc8 22.Rfc1 g5 23.f3 h5
24.Qc3 g4 25.Ncxd6 Ncxd6 26.Qxe5 Nxb5 27.Bxf8 Rxf8 28.Qxh5+ Kg8 29.Bxb5 Qb6+
30.Kh1 Ng7 31.Qe5 Bxb5 32.axb5 gxf3 33.gxf3 Rxa1 34.Qxa1 Qxb5 35.Qc3 Qe2
36.Rg1 Rf7 37.Qc8+ Kh7 38.Qh3+ Kg8 39.d6 b5 40.Qc8+ Kh7 41.Qh3+ Kg8 42.Qc8+ Kh7
43.Qg4 b4 44.d7 Rxd7 45.Qh3+ Kg8 46.Qxd7 Qxf3+ 47.Rg2 Qf1+ 48.Rg1 Qf3+ 49.Rg2 Qf1+  1/2-1/2

[Event "Premier League"]
[Site "Belgrade SCG"]
[Date "2004.10.02"]
[Round "8"]
[White "Damjanovic,D"]
[Black "Jovanovic,ST"]
[Result "0-1"]
[WhiteElo "2321"]
[BlackElo "2286"]

1.d4 Nf6 2.c4 g6 3.Nc3 Bg7 4.e4 d6 5.Be2 O-O 6.Nf3 e5 7.O-O Nc6 8.d5 Ne7
9.Nd2 a5 10.a3 Bd7 11.b3 Nc8 12.Bb2 c5 13.Nb5 Bh6 14.Bf3 Ne8 15.g3 f5 16.exf5 gxf5
17.Bg2 Nf6 18.Nc3 Ng4 19.h3 Nf6 20.Bc1 Qe7 21.Re1 Qg7 22.Nf1 Bxc1 23.Rxc1 f4
24.g4 h5 25.f3 hxg4 26.hxg4 Nxg4 27.fxg4 Bxg4 28.Qd2 f3 29.Re4 Bf5 30.Rh4 Qxg2+
31.Qxg2+ fxg2 32.Ng3 Ne7 33.Rh5 Bg6 34.Rg5 Rf4 35.Kxg2 Kf7 36.Nce2 Kf6 37.Rxg6+ Nxg6
38.Nh5+ Kg5 39.Nhxf4 Nxf4+ 40.Kf3 Nxe2 41.Kxe2 Kf4 42.Rf1+ Ke4 43.Rf3 a4
44.Re3+ Kf5 45.Rf3+ Kg4 46.Re3 Ra6 47.Kd2 Kf4 48.b4 cxb4 49.axb4 a3 50.Re1 a2
51.Ra1 b6 52.Kc3 e4 53.Kd4 Ra3 54.c5 bxc5+ 55.bxc5 Ra4+ 56.Kc3 dxc5 57.d6 Rd4
58.Rxa2 Rxd6 59.Rf2+ Kg3 60.Rf5 e3  0-1

[Event "TCh-Vojvodina"]
[Site "Sombor SCG"]
[Date "2004.10.02"]
[Round "10"]
[White "Munizaba,S"]
[Black "Jotic,V"]
[Result "1-0"]
[WhiteElo "2314"]
[BlackElo "2241"]

1.c4 g6 2.Nc3 Bg7 3.Nf3 d6 4.d4 Nf6 5.e4 O-O 6.Be2 e5 7.O-O Nc6 8.d5 Ne7
9.Ne1 Ne8 10.f3 f5 11.g4 Kh8 12.Be3 Ng8 13.Ng2 f4 14.Bf2 h5 15.h3 Rf7 16.c5 dxc5
17.Bxc5 Bf8 18.Bxf8 Rxf8 19.Qb3 Rf7 20.Rac1 Rh7 21.Na4 hxg4 22.fxg4 Nd6 23.Qc3 Qf6
24.Nxf4 exf4 25.e5 Qg7 26.exd6 Qxc3 27.Nxc3 cxd6 28.Rxf4 Rxh3 29.Rf8 b6 30.Bb5 Kg7
31.Rcf1 Nh6 32.Re8 Nxg4 33.Rff8 Rg3+ 34.Kf1 a6 35.Be2 Nf6 36.Rxc8 Ra7 37.Rxf6 Rxc3
38.Rxg6+ Kxg6 39.Rxc3  1-0

[Event "Essent Open"]
[Site "Hoogeveen NED"]
[Date "2004.10.22"]
[Round "8"]
[White "Li Shilong"]
[Black "Klinova,M"]
[Result "1-0"]
[WhiteElo "2526"]
[BlackElo "2400"]

1.d4 d6 2.Nf3 Nf6 3.c4 g6 4.Nc3 Bg7 5.e4 O-O 6.Be2 e5 7.O-O Nc6 8.d5 Ne7
9.b4 Nh5 10.Re1 Nf4 11.Bf1 h6 12.c5 g5 13.Nd2 f5 14.Nc4 fxe4 15.cxd6 cxd6
16.Nxe4 Nf5 17.b5 a6 18.b6 Nd4 19.Ba3 g4 20.Ncxd6 Qh4 21.Nxc8 Rfxc8 22.Rc1 Rxc1
23.Qxc1 Kh8 24.d6 Rg8 25.Kh1 Bf8 26.Bb2 Nfe6 27.Bc4  1-0

[Event "Open"]
[Site "Liberec CZE"]
[Date "2004.10.24"]
[Round "2"]
[White "Stross,F"]
[Black "Tejkal,J"]
[Result "0-1"]
[WhiteElo "2261"]
[BlackElo "2061"]

1.d4 Nf6 2.c4 g6 3.Nc3 Bg7 4.e4 d6 5.Nf3 O-O 6.Be2 e5 7.O-O Nc6 8.d5 Ne7
9.Ne1 Nd7 10.Be3 f5 11.f3 f4 12.Bf2 Nf6 13.c5 g5 14.Rc1 Ne8 15.cxd6 cxd6
16.Nb5 Bd7 17.Nxa7 h5 18.a4 Rf6 19.Bb5 Rg6 20.Qb3 g4 21.Bxd7 Qxd7 22.Qb5 Qxb5
23.axb5 g3 24.Bb6 gxh2+ 25.Kxh2 Bf6 26.Nd3 Bh4 27.Ra1 Kf7 28.Nb4 Nf6 29.Rfc1 Rag8
30.Rc2 Bg3+ 31.Kh1 h4 32.Rac1 h3 33.gxh3 Rh6 34.Kg2 Be1+ 35.Kf1 Bxb4 36.Rc7 Rxh3
37.R1c4 Rh1+ 38.Kf2 Rgh8 39.Ke2 R8h2+ 40.Bf2 Be1  0-1

[Event "19th Open"]
[Site "Le Touquet FRA"]
[Date "2004.10.25"]
[Round "1"]
[White "Villeneuve,A"]
[Black "Manet,E"]
[Result "1-0"]
[WhiteElo "2273"]
[BlackElo "2070"]

1.d4 Nf6 2.Nf3 g6 3.c4 Bg7 4.Nc3 O-O 5.e4 d6 6.Be2 e5 7.O-O Nc6 8.Be3 Nd7
9.Qd2 a6 10.Rad1 exd4 11.Nxd4 Nde5 12.f4 Nxd4 13.Bxd4 Nc6 14.Bxg7 Kxg7 15.Nd5 Be6
16.Qc3+ f6 17.g4 h6 18.h4 Bxd5 19.cxd5 Ne7 20.Rd3 Kh7 21.g5 Ng8 22.Rg3 fxg5
23.hxg5 Qe7 24.Rf2 Rae8 25.f5 Qe5 26.fxg6+ Kxg6 27.gxh6+ Kh7 28.Rg7+ Kh8
29.Qxe5 dxe5 30.Rxc7 Nf6 31.Bd3 Rb8 32.Rf5 Rg8+ 33.Kf1 Ng4 34.Rff7 Rgf8 35.Ke2 Rxf7
36.Rxf7 Nxh6 37.Re7  1-0

[Event "36th Olympiad"]
[Site "Calvia ESP"]
[Date "2004.10.26"]
[Round "11"]
[White "Pesqueira,J"]
[Black "Ateka,N"]
[Result "0-1"]
[WhiteElo "2031"]
[BlackElo "2138"]

1.d4 Nf6 2.c4 g6 3.Nc3 Bg7 4.e4 d6 5.Nf3 O-O 6.Be2 e5 7.O-O Nc6 8.d5 Ne7
9.Ne1 Ne8 10.Nd3 f5 11.exf5 gxf5 12.f4 e4 13.Nf2 Ng6 14.Be3 Qh4 15.Qd2 Kh8
16.Nh1 Qe7 17.Ng3 Nf6 18.Bd4 Bd7 19.Rad1 Rg8 20.Kh1 a6 21.Bxf6 Bxf6 22.Nh5 Rae8
23.Nxf6 Qxf6 24.Qd4 Kg7 25.Qxf6+ Kxf6 26.Rc1 Re7 27.Nd1 Reg7 28.Ne3 Rh8 29.Rf2 h5
30.a3 h4 31.Kg1 Rhg8 32.Kf1 b6 33.Ke1 a5 34.Bf1 Nh8 35.Be2 Nf7 36.Bf1 a4
37.Rc3 Nd8 38.Kd2 Nb7 39.Rc2 Be8 40.Kc3 Bh5 41.Kd2 Nc5 42.Kc3 Rb8 43.Kd2 Be8
44.Be2 b5 45.Bf1 b4 46.axb4 Rxb4 47.Be2 Rg8 48.Kc3 Rb3+ 49.Kd2 Nd3 50.Bxd3 Rxd3+
51.Ke2 Bh5+ 52.Ke1 Rxe3+  0-1

[Event "Open"]
[Site "Liberec CZE"]
[Date "2004.10.27"]
[Round "5"]
[White "Tejkal,J"]
[Black "Valenta,V jr"]
[Result "0-1"]
[WhiteElo "2061"]
[BlackElo "2164"]

1.d4 Nf6 2.Nf3 g6 3.c4 Bg7 4.Nc3 d6 5.e4 O-O 6.Be2 e5 7.O-O Nc6 8.d5 Ne7
9.Ne1 Nd7 10.Nd3 a5 11.Be3 f5 12.f3 b6 13.a3 Nc5 14.Qc2 f4 15.Bf2 Nxd3 16.Bxd3 g5
17.b4 Ng6 18.c5 bxc5 19.bxc5 h5 20.cxd6 cxd6 21.Nb5 g4 22.fxg4 hxg4 23.g3 Ba6
24.Rac1 Bh6 25.Rb1 fxg3 26.hxg3 Bxb5 27.Bxb5 Rc8 28.Qd1 Qg5 29.Be2 Rc3 30.Bxg4 Rxa3
31.Qe2 Nf4 32.Be6+ Kh8 33.Qg4 Nxe6 34.Qxe6 Rxg3+ 35.Bxg3 Qxg3+ 36.Kh1 Qh4+
37.Kg2 Rg8+ 38.Kf3 Qf4+  0-1

[Event "Open"]
[Site "Liberec CZE"]
[Date "2004.10.28"]
[Round "7"]
[White "Simecek,B"]
[Black "Valenta,V jr"]
[Result "0-1"]
[WhiteElo "2113"]
[BlackElo "2164"]

1.d4 Nf6 2.c4 g6 3.Nc3 Bg7 4.e4 d6 5.Nf3 O-O 6.Be2 e5 7.O-O Nc6 8.d5 Ne7
9.Ne1 Nd7 10.Be3 f5 11.f3 f4 12.Bf2 a5 13.a3 Nc5 14.Rc1 Bd7 15.b4 axb4 16.axb4 Na4
17.c5 Nxc3 18.Rxc3 Nc8 19.Qb3 Kh8 20.c6 bxc6 21.dxc6 Be8 22.b5 Rb8 23.Nc2 Bf7
24.Bc4 Bxc4 25.Qxc4 d5 26.exd5 Nd6 27.Qd3 Rxb5 28.Bc5 Ra5 29.Ra1 Rxa1+ 30.Nxa1 Re8
31.Bxd6 Qxd6 32.Qe4 Rd8 33.Nc2 Qxd5 34.Qxd5 Rxd5 35.Rc4 Bf8 36.Kf1 Kg7 37.Ke2 Kf7
38.Ne1 Bc5 39.Nd3 Bg1 40.h3 Ke6 41.Ra4 Rb5 42.Ra8 Kd6 43.Rh8 Kxc6 44.Rxh7 Bd4
45.Rh6 Kd5 46.Rxg6 c5 47.Rg8 Ra5 48.Rg4 Ra2+ 49.Ke1 Ke6 50.Rg6+ Kf5 51.Rc6 Rxg2
52.Rc7 Rc2 53.Kd1 Rc3 54.Kd2 Ra3 55.Ke2 Ke6 56.h4 Kd6 57.Rc8 Ra2+ 58.Ke1 Rh2
59.Rd8+ Ke6  0-1

[Event "World Seniors"]
[Site "Halle GER"]
[Date "2004.10.29"]
[Round "6"]
[White "Masich,Vl"]
[Black "Zunker,R"]
[Result "1-0"]
[WhiteElo "2093"]
[BlackElo "2252"]

1.e4 g6 2.d4 Bg7 3.c4 d6 4.Nc3 Nf6 5.Be2 O-O 6.Nf3 e5 7.O-O Nc6 8.d5 Ne7
9.b4 Nh5 10.Re1 f5 11.Nd2 Nf6 12.Bf3 f4 13.c5 g5 14.h3 Kh8 15.cxd6 cxd6 16.Nc4 Rg8
17.Nb5 Ne8 18.Bh5 a6 19.Bxe8 axb5 20.Bxb5 g4 21.hxg4 Bf6 22.f3 Bh4 23.Bb2 Ng6
24.Kf1 Bd7 25.Bxd7 Qxd7 26.Re2 Qd8 27.Rc2 Bg3 28.Ke2 Rg7 29.a4 Rc7 30.a5 Qd7
31.Qd3 Qb5 32.Na3 Rxc2+ 33.Nxc2 Qd7 34.b5 Nh4 35.a6 bxa6 36.Rxa6 Rxa6 37.bxa6 Qa7
38.Bd4 Qe7 39.a7 Nxg2  1-0

[Event "3rd Masters"]
[Site "Rosny sous bois FRA"]
[Date "2004.10.29"]
[Round "7"]
[White "Inkiov,V"]
[Black "Cossin,S"]
[Result "0-1"]
[WhiteElo "2496"]
[BlackElo "2395"]

1.d4 Nf6 2.c4 g6 3.Nc3 Bg7 4.Nf3 O-O 5.e4 d6 6.Be2 e5 7.O-O Nc6 8.dxe5 dxe5
9.Qxd8 Rxd8 10.Bg5 Rf8 11.h3 Nd4 12.Nxd4 exd4 13.Bxf6 Bxf6 14.Nb5 c6 15.Nd6 Rd8
16.c5 Be6 17.Bd3 b6 18.b4 Be5 19.Rfc1 Bxd6 20.cxd6 Rxd6 21.e5 Rd5 22.f4 Rc8
23.Be4 Rdd8 24.Rxc6 Rxc6 25.Bxc6 d3 26.Kf2 d2 27.Bf3 Rd4 28.Ke3 Rxb4 29.Be2 Bd5
30.g3 Rb2 31.a4 Rb3+ 32.Kf2 a5 33.Bd1 Rc3 34.Ke2 Rxg3 35.Kxd2 Bb3 36.Bg4 h5
37.Bd7 Bc4 38.Rc1 Rd3+ 39.Ke1 Bb3 40.Rc8+ Kg7 41.Rc7 Rd4 42.Rb7 Rxf4 43.Rxb6 Bxa4
44.Bxa4 Rxa4 45.Kf2 Ra2+ 46.Kg3 Ra3+ 47.Kg2 Re3 48.Rb5 a4 49.Ra5 a3 50.h4 a2
51.Rxa2 Rxe5 52.Ra3 Re6 53.Kg3 f6 54.Ra7+ Kh6 55.Ra8 g5 56.hxg5+ fxg5 57.Rh8+ Kg6
58.Rg8+ Kf5 59.Rf8+ Rf6 60.Rg8 Rb6 61.Rf8+ Kg6 62.Rg8+ Kf6 63.Rf8+ Kg7 64.Ra8 Rb3+
65.Kg2 g4 66.Ra6 Rf3 67.Rb6 Rf6 68.Rb8 Kh6 69.Rg8 Rg6 70.Ra8 Kg5 71.Kg3 h4+
72.Kg2 Rf6 73.Ra3 Rf5 74.Rb3 Rc5 75.Rb2 h3+ 76.Kh2 Kh4 77.Rb4 Rc2+ 78.Kg1 Rg2+
79.Kh1 Re2 80.Kg1 Kg3 81.Rb3+ Kf4 82.Rb8 Kf3 83.Rf8+ Kg3 84.Rf1 Re4 85.Ra1 Rb4
86.Rc1 Kh4 87.Rc3 g3 88.Rc1 h2+ 89.Kh1 Kh3  0-1

[Event "WYb16"]
[Site "Heraklio GRE"]
[Date "2004.11.04"]
[Round "1"]
[White "Lenic,L"]
[Black "Vovk,I"]
[Result "1-0"]
[WhiteElo "2434"]
[BlackElo "2138"]

1.d4 Nf6 2.Nf3 g6 3.c4 Bg7 4.Nc3 O-O 5.e4 d6 6.Be2 e5 7.O-O Nc6 8.d5 Ne7
9.Ne1 Ne8 10.Nd3 f5 11.Bd2 Nf6 12.f3 f4 13.c5 g5 14.Rc1 Ne8 15.Qc2 Bd7 16.Qb3 Rf6
17.Qxb7 Rb8 18.Qxa7 Rxb2 19.Nxb2  1-0

[Event "FSIM November"]
[Site "Budapest HUN"]
[Date "2004.11.06"]
[Round "1"]
[White "Fodor,T jr"]
[Black "Solomons,D"]
[Result "1-0"]
[WhiteElo "2169"]
[BlackElo "2249"]

1.d4 Nf6 2.c4 g6 3.Nc3 Bg7 4.e4 d6 5.Nf3 O-O 6.Be2 e5 7.O-O Nc6 8.dxe5 dxe5
9.Bg5 Qe8 10.Be3 Qd7 11.Qc2 Nd4 12.Bxd4 exd4 13.Rfd1 c5 14.Nd5 Re8 15.Bd3 b6
16.a3 Bb7 17.b4 Nh5 18.bxc5 bxc5 19.Rab1 Rab8 20.Rb5 Bxd5 21.Rxb8 Rxb8 22.cxd5 Nf4
23.Ne1 Bf8 24.Bc4 Bd6 25.g3 Nh3+ 26.Kg2 h5 27.Nd3 Ng5 28.Qe2 Qh3+ 29.Kh1 Re8
30.e5 Qf5 31.f4 Ne4 32.Re1 Nc3 33.Qf3 Kg7 34.exd6 Rxe1+ 35.Nxe1 Qb1 36.Qf1 Qe4+
37.Ng2 Nxd5 38.d7 Ne3 39.d8=Q Nxf1 40.Bxf1 c4 41.Qc7 c3 42.Qc4 c2 43.Kg1 Kg8
44.Kf2 Kg7 45.Be2 Kf8 46.Bf3 Qe7 47.Qxc2 Qxa3 48.Be4 a5 49.f5 gxf5 50.Bxf5 a4
51.Nf4 Qe3+ 52.Kg2 Qe8 53.Qc5+ Kg8 54.Qxd4  1-0

[Event "V Open"]
[Site "Sauzal ESP"]
[Date "2004.11.07"]
[Round "7"]
[White "Cifuentes Parada,R"]
[Black "Diaz Diaz,A"]
[Result "1-0"]
[WhiteElo "2540"]
[BlackElo "2125"]

1.Nf3 Nf6 2.c4 g6 3.Nc3 Bg7 4.e4 d6 5.d4 O-O 6.Be2 e5 7.O-O Nc6 8.Be3 exd4
9.Nxd4 Ne5 10.h3 Re8 11.Qd2 Ned7 12.f3 a5 13.Ndb5 Nf8 14.Rfd1 Bd7 15.Rac1 Nh5
16.Bg5 Qb8 17.Bh6 Ne6 18.Bxg7 Kxg7 19.Bf1 Qd8 20.Qf2 Nf6 21.g3 Nh5 22.Kh2 Ng5
23.Bg2 Bxb5 24.Nxb5 Qf6 25.Nxc7 Nxe4 26.Qd4 Qxd4 27.Rxd4 Nexg3 28.Nxa8 Rxa8
29.Re1  1-0

[Event "TCh-SWE Elitserien 2004-5"]
[Site "Skara SWE"]
[Date "2004.11.07"]
[Round "3"]
[White "Kaivanipour,K"]
[Black "Friberg,H"]
[Result "0-1"]
[WhiteElo "1932"]
[BlackElo "2233"]

1.d4 Nf6 2.c4 g6 3.Nc3 Bg7 4.e4 O-O 5.Nf3 d6 6.Be2 e5 7.O-O Nc6 8.d5 Ne7
9.b4 Nh5 10.Re1 f5 11.Ng5 Nf6 12.Bf3 c6 13.Rb1 h6 14.Ne6 Bxe6 15.dxe6 fxe4
16.Nxe4 Nxe4 17.Bxe4 d5 18.cxd5 cxd5 19.Bc2 Qb6 20.Qe2 Rac8 21.Bb2 Qxe6 22.Bb3 Rf5
23.Rbd1 Kh7 24.Qb5 Qc6 25.Qxc6 bxc6 26.b5 cxb5 27.Bxd5 Nxd5 28.Rxd5 Rc2 29.Rxb5 Rfxf2
30.Bxe5 Rxg2+ 31.Kh1 Bxe5 32.Rbxe5 Rxh2+ 33.Kg1 Rcg2+ 34.Kf1 h5 35.Re7+ Kh6
36.a4 Ra2 37.Kg1 Rhg2+ 38.Kh1 Rg4 39.a5 Rga4 40.Rxa7 Rxa5 41.Rae7 Ra1 42.Rxa1 Rxa1+
43.Kg2 Ra2+ 44.Kg3 Ra3+ 45.Kf4 g5+ 46.Kf5 Rf3+ 47.Ke4 Rf4+ 48.Ke3 h4 49.Rc7 Kh5  0-1

[Event "FSGM November"]
[Site "Budapest HUN"]
[Date "2004.11.09"]
[Round "4"]
[White "Gonda,L"]
[Black "Szabo,G ROM"]
[Result "1-0"]
[WhiteElo "2400"]
[BlackElo "2433"]

1.d4 Nf6 2.Nf3 g6 3.c4 Bg7 4.Nc3 O-O 5.e4 d6 6.Be2 e5 7.O-O Nc6 8.d5 Ne7
9.Bg5 h6 10.Bxf6 Bxf6 11.b4 Bg7 12.c5 f5 13.Bd3 f4 14.Nd2 g5 15.Be2 Kh8 16.Bg4 Ng8
17.Bxc8 Rxc8 18.f3 Nf6 19.Rc1 Rg8 20.g4 fxg3 21.hxg3 g4 22.Kg2 h5 23.Rh1 Bh6
24.Rc2 Qe7 25.Nc4 gxf3+ 26.Qxf3 Rcf8 27.cxd6 cxd6 28.Ne3 Qh7 29.Nf5 Nxe4
30.Nxe4 Rxf5 31.Qe2 Rf4 32.Nxd6 Qg7 33.Rh3 h4 34.Qh5 Rf6 35.Ne4 Rg6 36.Qxh4 Qf7
37.d6 Qe6 38.d7 Qxd7 39.Qxh6+ Rxh6 40.Rxh6+  1-0

[Event "FSIM November"]
[Site "Budapest HUN"]
[Date "2004.11.12"]
[Round "7"]
[White "Solomons,D"]
[Black "Farago,S"]
[Result "1-0"]
[WhiteElo "2249"]
[BlackElo "2305"]

1.d4 Nf6 2.Nf3 g6 3.c4 d6 4.Nc3 Bg7 5.e4 O-O 6.Be2 e5 7.O-O Nc6 8.d5 Ne7
9.b4 Nh5 10.Re1 Nf4 11.Bb2 h6 12.Bf1 g5 13.c5 Neg6 14.Rc1 g4 15.Nd2 a6 16.b5 dxc5
17.bxa6 b6 18.Nc4 Nh4 19.Re3 Qg5 20.Rg3 h5 21.d6 Bxa6 22.dxc7 Bxc4 23.Bxc4 Qe7
24.Nd5 Nxd5 25.Bxd5 Rac8 26.h3 Ng6 27.hxg4 h4 28.Rb3 Qxc7 29.g5 Rcd8 30.Qg4 Rxd5
31.exd5 Rd8 32.Rd1 Nf4 33.Ra3 c4 34.d6 Qc6 35.Ra7 Qe4 36.Kh2 Qc2 37.Bc1 Qxf2
38.Bxf4 exf4 39.Qh5 Qg3+ 40.Kh1 Rf8 41.d7 f3 42.Qxf3 Qxg5 43.d8=Q  1-0

[Event "Tch-FIN 2004-5"]
[Site "Finland FIN"]
[Date "2004.11.14"]
[Round "5"]
[White "Yrjola,J"]
[Black "Hartikainen,M"]
[Result "1/2-1/2"]
[WhiteElo "2423"]
[BlackElo "2272"]

1.d4 Nf6 2.c4 g6 3.Nc3 Bg7 4.e4 d6 5.Be2 O-O 6.Nf3 e5 7.O-O Nc6 8.d5 Ne7
9.b4 a5 10.Ba3 axb4 11.Bxb4 b6 12.a4 Re8 13.Re1 Bd7 14.Bf1 h6 15.Nb5 Nh7
16.a5 bxa5 17.Bxa5 Bxb5 18.cxb5 Qb8 19.Qc2 Ra7 20.Nd2 f5 21.Rec1 Rc8 22.g3 Nf6
23.Bc3  1/2-1/2

[Event "16th Open"]
[Site "Leuven BEL"]
[Date "2004.11.14"]
[Round "7"]
[White "Mohandesi,S"]
[Black "Duhayon,Y"]
[Result "0-1"]
[WhiteElo "2332"]
[BlackElo "2228"]

1.d4 Nf6 2.c4 g6 3.Nc3 Bg7 4.Nf3 O-O 5.e4 d6 6.Be2 e5 7.O-O Nc6 8.d5 Ne7
9.Ne1 Nd7 10.Be3 f5 11.f3 f4 12.Bf2 g5 13.b4 Rf6 14.g3 h5 15.c5 Rg6 16.a4 Nf6
17.Nc2 Bh3 18.Re1 g4 19.Ra2 h4 20.Na3 hxg3 21.hxg3 fxg3 22.Bxg3 Nh5  0-1

[Event "17th Belgrade Trophy"]
[Site "Obrenovac SCG"]
[Date "2004.11.23"]
[Round "2"]
[White "Vukanovic,S"]
[Black "Brenjo,S"]
[Result "1/2-1/2"]
[WhiteElo "2343"]
[BlackElo "2476"]

1.Nf3 Nf6 2.c4 g6 3.Nc3 Bg7 4.e4 d6 5.d4 O-O 6.Be2 e5 7.O-O Nc6 8.d5 Ne7
9.b4 Nh5 10.Re1 f5 11.Ng5 Nf6 12.Bf3 c6 13.Be3 h6 14.Ne6 Bxe6 15.dxe6 fxe4
16.Nxe4 Nxe4 17.Bxe4 d5 18.cxd5 cxd5 19.Bc5 dxe4 20.Qxd8 Rfxd8 21.Bxe7 Re8
22.Bc5 b6 23.Be3 Rxe6 24.Rac1  1/2-1/2

[Event "Petrosian Mem Open"]
[Site "Yerevan ARM"]
[Date "2004.11.23"]
[Round "5"]
[White "Izoria,Z"]
[Black "Pashikian,A"]
[Result "1-0"]
[WhiteElo "2600"]
[BlackElo "2473"]

1.d4 Nf6 2.c4 g6 3.Nc3 Bg7 4.e4 d6 5.Be2 O-O 6.Nf3 e5 7.O-O Nc6 8.d5 Ne7
9.Kh1 Nh5 10.g3 f5 11.exf5 Nxf5 12.Ne4 Qe8 13.Bd3 Nf6 14.Nxf6+ Rxf6 15.Qe2 Bh6
16.Bxh6 Nxh6 17.Ng5 Bd7 18.Rae1 Qf8 19.f4 Re8 20.Qd2 exf4 21.Rxe8 Qxe8 22.gxf4 Qf8
23.Qf2 Ng4 24.Qg3 Ne5 25.Be2 Bc8 26.Kg1 Nd7 27.b4 Qe7 28.Bg4 Nb6 29.Bxc8 Nxc8
30.Re1 Qf8 31.Qh3 h5 32.Qd7  1-0

[Event "Extraliga CZE 2004-5"]
[Site "Czech Rep CZE"]
[Date "2004.12.04"]
[Round "3"]
[White "Ftacnik,L"]
[Black "Socko,B"]
[Result "1/2-1/2"]
[WhiteElo "2533"]
[BlackElo "2570"]

1.d4 Nf6 2.Nf3 g6 3.c4 Bg7 4.Nc3 d6 5.e4 O-O 6.Be2 e5 7.O-O Nc6 8.d5 Ne7
9.Nd2 a5 10.Rb1 Bd7 11.b3 c5 12.a3 b6 13.b4 axb4 14.axb4 Ne8 15.Qb3 Nc8 16.Nf3 f5
17.Bg5 Bf6 18.Bd2 g5 19.h3 g4 20.hxg4 fxg4 21.Nh2 Bg5 22.Qd1 h5 23.g3 Qf6
24.bxc5 bxc5 25.Rb7 Ra7 26.Rxa7 Nxa7 27.f3 Bxd2 28.Qxd2 gxf3 29.Nxf3 Qg7
30.Qg5  1/2-1/2

[Event "It"]
[Site "Legnica POL"]
[Date "2004.12.06"]
[Round "5"]
[White "Lagowski,P"]
[Black "Lanka,Z"]
[Result "1/2-1/2"]
[WhiteElo "2406"]
[BlackElo "2455"]

1.d4 Nf6 2.c4 g6 3.Nc3 Bg7 4.Nf3 d6 5.e4 O-O 6.Be2 e5 7.O-O Nc6 8.d5 Ne7
9.b4 a5 10.Ba3 b6 11.bxa5 Nh5 12.Re1 f5 13.Nd2 Nf6 14.Bf1 Kh8 15.Qc2 Rxa5
16.Bb4 Ra8 17.a4 c5 18.Ba3 f4 19.Reb1 g5 20.Nd1 g4 21.Bc1 Bd7 22.Ra3 Ra6
23.Rba1 Ng6 24.Qc3 Ra5 25.Nb3 Ra7 26.Nd2 g3 27.hxg3 fxg3 28.Qxg3 Bh6 29.Qh2 Bf4
30.Qh1 Rg8 31.g3 Bc8 32.Bg2 Rag7 33.Ne3 Bxe3 34.Rxe3 Nf4 35.Bb2 Ng4 36.Rf3 Ne2+
37.Kf1 Nd4 38.Bxd4 exd4 39.Bh3 Rg5 40.Bxg4 Bxg4 41.Rf4 Rh5 42.Qg1 Qg5 43.f3 Bd7
44.Kf2 Rh3 45.Nf1 Qe5 46.Ra3 Rhxg3 47.Nxg3 Qxf4 48.Qh2 Bxa4 49.Nf1 Qxh2+
50.Nxh2 b5 51.Ng4 Kg7 52.cxb5 Bxb5 53.Ra7+ Kg6 54.Rb7 h5 55.Rxb5 hxg4 56.Rb6 Rf8
57.Rxd6+ Kg5 58.Rc6 Rxf3+ 59.Kg2 Re3 60.d6 Kf6 61.Rxc5 Rxe4 62.Rd5  1/2-1/2

[Event "FSGM December"]
[Site "Budapest HUN"]
[Date "2004.12.09"]
[Round "6"]
[White "Farago,I"]
[Black "Karatorossian,D"]
[Result "1-0"]
[WhiteElo "2455"]
[BlackElo "2384"]

1.d4 Nf6 2.c4 g6 3.Nc3 Bg7 4.e4 d6 5.Be2 O-O 6.Nf3 e5 7.O-O Nc6 8.d5 Ne7
9.b4 a5 10.Ba3 axb4 11.Bxb4 Nd7 12.a4 Bh6 13.a5 f5 14.Bd3 f4 15.Be2 g5 16.h3 Ng6
17.Nh2 Nf6 18.c5 Rf7 19.cxd6 cxd6 20.Ng4 Bf8 21.Ra3 Nh4 22.Nxf6+ Qxf6 23.Na4 f3
24.Rxf3 Nxf3+ 25.Bxf3 Rc7 26.Nb6 Rb8 27.Bd2 Be7 28.Qe2 Bd8 29.Rb1 Rg7 30.Rb3 Bd7
31.a6 Bxb6 32.Rxb6 Be8 33.Bb4 Qd8 34.a7 Ra8 35.Rxd6 Qc7 36.Qe3 b5 37.Rf6 Bd7
38.Rf8+ Rxf8 39.Bxf8  1-0

[Event "3rd Subasic Mem"]
[Site "Zenica BIH"]
[Date "2004.12.10"]
[Round "8"]
[White "Terzic,S"]
[Black "Cebalo,M"]
[Result "0-1"]
[WhiteElo "2289"]
[BlackElo "2520"]

1.d4 Nf6 2.c4 g6 3.Nc3 Bg7 4.e4 d6 5.Nf3 O-O 6.Be2 e5 7.O-O Nc6 8.d5 Ne7
9.b4 Nh5 10.c5 f5 11.Ng5 Nf6 12.Bf3 h6 13.Ne6 Bxe6 14.dxe6 fxe4 15.Nxe4 Nxe4
16.Bxe4 d5 17.Bc2 Qc8 18.a4 Qxe6 19.Ra3 e4 20.f3 exf3 21.Re3 Qg4 22.Rfxf3 Rxf3
23.Qxf3 Qxb4 24.Ba3 Qd4 25.g4 Rf8 26.Qe2 Nc6 27.Kg2 Be5 28.Bxg6 Qf4 29.Kh3 Nd4
30.Qd2 Ne6 31.Bc1 Qf1+ 32.Kh4 Qf4 33.Kh3 Ng5+  0-1

[Event "FSGM December"]
[Site "Budapest HUN"]
[Date "2004.12.11"]
[Round "8"]
[White "Paschall,W"]
[Black "Karatorossian,D"]
[Result "0-1"]
[WhiteElo "2394"]
[BlackElo "2384"]

1.d4 Nf6 2.c4 g6 3.Nc3 Bg7 4.e4 d6 5.Nf3 O-O 6.Be2 e5 7.O-O Nc6 8.d5 Ne7
9.b4 Nh5 10.Re1 f5 11.Ng5 Nf6 12.Bf3 c6 13.Bb2 h6 14.Ne6 Bxe6 15.dxe6 Qc7
16.Qb3 Rad8 17.Rad1 fxe4 18.Nxe4 Nxe4 19.Bxe4 Qc8 20.Qh3 Rf6 21.Bc2 Rxe6
22.f4 Rf8 23.c5 d5 24.fxe5 Nf5 25.g4 Ne7 26.Qg3 Qc7 27.Kh1 g5 28.Rf1 Bxe5
29.Qe3 d4 30.Bxd4 Nd5 31.Qe4 Ref6 32.Rxf6 Bxf6 33.Bb3 Kg7 34.Bxd5 cxd5 35.Bxf6+ Rxf6
36.Qxd5 Qf4 37.Qxb7+ Rf7 38.Qd5 Qxb4 39.c6 Qxg4 40.c7 Rxc7 41.Qe5+ Kg6 42.Rd6+ Kh7
43.Rxh6+ Kxh6 44.Qxc7 Qe4+ 45.Kg1 Qb1+ 46.Kg2 Qxa2+ 47.Kf3 Qd5+ 48.Kg3 a5
49.Qc8 Qd3+ 50.Kg2 Qe4+ 51.Kg3 Qe5+ 52.Kg2 Qd5+ 53.Kg3 Kg6 54.Qa6+ Kf5 55.Qc8+ Ke4
56.Kg4 Kd3 57.Kh5 Qe5 58.Qh3+ Kd2 59.Qd7+ Ke2 60.h3 Kf2 61.Qa7+ Kg3 62.Qg1+ Kxh3
63.Qh1+ Kg3 64.Qg1+ Kf3 65.Qf1+ Ke3 66.Qe1+ Kd4 67.Qa1+ Ke4 68.Qh1+ Kd3 69.Qd1+ Ke4
70.Qa4+ Kd3 71.Qd1+ Ke4 72.Qe2+ Kf5 73.Qf3+ Ke6 74.Qc6+ Ke7 75.Qb7+ Kf8 76.Qf3+ Kg8
77.Qb3+ Kf8 78.Qf3+ Ke8 79.Qc6+ Kd8 80.Qa8+ Ke7 81.Qa7+ Ke6 82.Qa6+ Kd7 83.Qb7+ Ke6
84.Qa6+ Kf5 85.Qf1+ Qf4 86.Qb5+ Ke4 87.Qxa5 Qh4+ 88.Kg6 g4 89.Qb4+ Kf3 90.Qb3+ Kg2
91.Qd5+ Kh2 92.Qd2+ Kh3 93.Qd7 Qf2 94.Kg5 Qe3+ 95.Kh5 Qe5+ 96.Kg6 Kg3 97.Qd3+ Kh4
98.Qc4 Qg5+ 99.Kh7 Qf5+ 100.Kh8 Kh3 101.Qf7 Qe5+ 102.Kg8 g3 103.Qd7+ Kh4
104.Qb7 Qg5+ 105.Kh8 g2 106.Qe4+ Kg3 107.Qg6 Qg4 108.Qd3+ Kh2 109.Qd6+ Qg3
110.Qd2 Qe5+ 111.Kg8 Qe6+ 112.Kh8 Kh1 113.Qf4 Qh3+  0-1

[Event "Master Open"]
[Site "Singapore SIN"]
[Date "2004.12.11"]
[Round "1"]
[White "Mahmud,S"]
[Black "Iswana,A"]
[Result "1-0"]
[WhiteElo "2343"]
[BlackElo "2096"]

1.Nf3 Nf6 2.c4 g6 3.Nc3 Bg7 4.d4 d6 5.e4 O-O 6.Be2 e5 7.O-O Nc6 8.d5 Ne7
9.b4 Nh5 10.c5 h6 11.g3 Bh3 12.Re1 f5 13.Nh4 Nf6 14.Bf3 fxe4 15.Nxe4 g5 16.Bxg5 hxg5
17.Nxg5 Bc8 18.Qc2 Bh6 19.Ne6 Bxe6 20.dxe6 a5 21.Rad1 axb4 22.Rxe5 dxe5 23.Rxd8 Rfxd8
24.Ng6 Re8 25.Nxe5 Ra3 26.Bxb7 Rc3 27.Qe2 Rxc5 28.Nd7 Rf5 29.Qc4 Bd2 30.Qxc7 Ng4
31.f3 Ne3 32.Be4 Rc8 33.Qd6 Rc1+ 34.Kf2 Nd1+ 35.Ke2 Nc3+ 36.Kd3 Nxe4 37.fxe4 Nc8
38.Qd4 Bc3 39.Qe3 Rff1 40.Qg5+ Kh7 41.e5 Rfd1+ 42.Ke2 Rd2+ 43.Kf3 Rf1+ 44.Kg4 Rxa2
45.e7 Ra4 46.e8=Q b3+ 47.Kh3  1-0

[Event "Master Open"]
[Site "Singapore SIN"]
[Date "2004.12.12"]
[Round "2"]
[White "Lubis,E"]
[Black "Lin,A"]
[Result "1-0"]
[WhiteElo "2249"]
[BlackElo "2002"]

1.d4 Nf6 2.Nf3 d6 3.c4 g6 4.Nc3 Bg7 5.e4 O-O 6.Be2 e5 7.O-O Nc6 8.d5 Ne7
9.b4 Ne8 10.Ne1 f5 11.f3 f4 12.c5 g5 13.Ba3 h5 14.Rc1 Rf6 15.Qc2 Ng6 16.Nb5 Rf7
17.Bb2 g4 18.Bc4 Qh4 19.Bb3 a6 20.Na3 g3 21.h3 Bxh3 22.gxh3 Qxh3 23.Qg2 Qh4
24.Nc4 Qg5 25.Ba4 Bf8 26.Bxe8 Rxe8 27.Ba3 Rh7 28.Qh3 Nh8 29.cxd6 Bxd6 30.Nxd6 cxd6
31.Ng2 h4 32.Rc3 Nf7 33.Rfc1 Qf6 34.Rc8 Rxc8 35.Rxc8+ Kg7 36.Rc7 b5 37.Bb2 Kg6
38.Qg4+ Qg5 39.Qe6+ Qf6 40.Nxf4+ Kg7 41.Qg4+ Kh6 42.Qh5+ Kg7 43.Ne6+ Kg8
44.Rc8+ Nd8 45.Qe8+  1-0